Statistiques concernant Paroles - Tu trouveras - Natasha St Pier

Cliquez ici pour prendre le quiz!

Statistiques générales

  • Ce quiz a été pris 675 fois
  • Le résultat moyen est 380 sur 423

Statistiques - réponses

Réponse% Correct
de
99%
me
99%
Mes
99%
mes
99%
trouveras
99%
tu
99%
Tu
99%
ce
98%
Et
98%
et
98%
que
98%
Je
97%
je
97%
pas
97%
pas,
97%
faut
96%
la
96%
le
96%
Le
96%
qu'il
96%
te
96%
faiblesses
95%
J'ai
95%
j'ai
95%
peu
94%
Plus
94%
plus
94%
a
93%
à
93%
les
93%
n'en
93%
qu'à
93%
toujours
93%
dire
92%
laisses
92%
l'amour
92%
maladresses
92%
mots
92%
Si
92%
si
92%
dans
91%
n'ai
91%
tout
91%
Tout
91%
demi-mot
90%
Demi-mot
90%
faux
89%
peur
89%
su
89%
chansons
88%
en
88%
Mais
88%
trop
88%
fais
87%
j'avoue
87%
tellement
87%
blessures
86%
Celles
86%
celles
86%
des
86%
Des
86%
j'en
86%
pour
86%
défauts
85%
Il
84%
c'que
83%
Sache
83%
y
83%
Comme
82%
monde
82%
un
82%
C'est
81%
c'est
81%
Restes
79%
restes,
79%
restes
79%
entre
78%
lignes
78%
lis
77%
qu'un
77%
moi
75%
Bien
71%
bien
71%
brouillon
70%
eu
68%
fortes
68%
temps
68%
belles,
67%
d'autres
67%
"je t'aime"
66%
osé
65%
fautes
64%
t'aimeras
64%
d'impression
63%
rien
60%
Malgré
57%
tes
57%
retenir
56%
accords
54%
malhabiles
54%
face
51%
sûr
51%
leur
45%
Quand
45%
vous
43%
n'aurai
42%
place
42%
laisserai
41%
mauvais
40%
coups
38%
endurcit
37%
illusions,
34%

Distribution des résultats

Percentile par nombre de réponses

% des personnes avec chaque résultat

Votre développement - résultats

Vous n’avez pas pris ce quiz